000 00944nam a2200301Ia 4500
001 Z_5944
003 CHAP
008 220113s1995 xx 000 0 und d
010 _a169154
020 _a986-460-115-8
040 _cCHAP
082 _a636.089 R67 1995
100 _aRosenstein Ster, Emilio
_9100130
245 _aProntuario de especialidades veterinarias /
_cEmilio Rosenstein Ster
250 _a15a ed.
260 _aMéxico :
_bPLM,
_c1995
300 _a730 p.
500 _aIncluye Directorio de empresas y productos, Índice general de productos por nombre comercial, Índice de sustancias, índice por especie, Índice terapeutico, diccionario de productos veterinarios.
503 _aej.1: 0180369
650 _aVeterinaria
_xFormulas
_xRecetas
_9143124
650 _aVeterinaria
_xManuales
_9138740
901 _a636.089 R67 1995
902 _aM
910 _a1995
942 _c1
942 _cc1
999 _c169154
_d169154